| 000 | 00916nam a22002057a 4500 | ||
|---|---|---|---|
| 005 | 20210325190841.0 | ||
| 008 | s2532 th tha d | ||
| 041 | _atha | ||
| 090 | _aว HG8704.655 ส284ก 2532 | ||
| 100 | 0 | _aสมศักดิ์ ยมะสมิต | |
| 245 | 1 | 0 | _aการประกันภัยกับการพัฒนาเศรษฐกิจและสังคมของประเทศ |
| 260 | 3 |
_aกรุงเทพฯ : _bวิทยาลัยป้องกันราชอาณาจักร, _c2532 |
|
| 300 |
_a1 เล่ม : _b ตาราง ; _c 29 ซม. |
||
| 650 | 0 | 4 | _aประกันภัย -- ไทย -- วิจัย |
| 650 | 0 | 4 | _aประกันภัย -- แง่เศรษฐกิจ -- วิจัย |
| 850 | _aNALT | ||
| 942 |
_cRSH _02 |
||
| 997 |
_c000000000026592 _kVC |
||
| 998 | _aNisa Luangthongkum | ||
| 999 |
_c26592 _d26592 |
||